LIBRARY & INFORMATION CENTRE, KCAET, TAVANUR

ONLINE PUBLIC ACCESS CATALOGUE (OPAC)

Story of the Integration of the Indian States / (Record no. 5097)

MARC details
000 -LEADER
fixed length control field 00285cam a2200109ua 4500
082 ## - DEWEY DECIMAL CLASSIFICATION NUMBER
Classification number 954.04
Item number MEN/ST
100 ## - MAIN ENTRY--AUTHOR NAME
Personal name Menon, V. P .
245 ## - TITLE STATEMENT
Title Story of the Integration of the Indian States /
260 ## - PUBLICATION, DISTRIBUTION, ETC. (IMPRINT)
Place of publication London :
Name of publisher Orient-Longman Ltd ,
Year of publication 1961.
300 ## - PHYSICAL DESCRIPTION
Number of Pages 489 ; .
942 ## - ADDED ENTRY ELEMENTS (KOHA)
Koha item type Books
Holdings
Withdrawn status Lost status Damaged status Home library Current library Date acquired Full call number Accession Number Koha item type
Withdrawn     KAUAET Sanskrit University 07/04/2012 954.04 13233 Books
free website counter